study on afzelia xylocarpa craib growth wing which terrace planed and along road in the royal university of agriculture, ការសិក្សាពីការលូតលាស់ប្រភេទឈើបេងដែលដាំលំអរតាមចន្លោះធ្លា និងបណ្តោយផ្លូវនៅក្នុងសាកលវិទ្យាល័យកសិកម្ម (Record no. 3370)

000 -LEADER
fixed length control field 00774nam a22001577a 4500
003 - CONTROL NUMBER IDENTIFIER
control field OSt
005 - DATE AND TIME OF LATEST TRANSACTION
control field 20151112153023.0
008 - FIXED-LENGTH DATA ELEMENTS--GENERAL INFORMATION
fixed length control field 151112b xxu||||| |||| 00| 0 eng d
040 ## - CATALOGING SOURCE
Transcribing agency RUA
082 ## - DEWEY DECIMAL CLASSIFICATION NUMBER
Classification number FOR SOU 2005 B132 Or.1
100 ## - MAIN ENTRY--PERSONAL NAME
9 (RLIN) 3619
Personal name SOUN, SOPHEAP.
245 ## - TITLE STATEMENT
Title study on afzelia xylocarpa craib growth wing which terrace planed and along road in the royal university of agriculture, ការសិក្សាពីការលូតលាស់ប្រភេទឈើបេងដែលដាំលំអរតាមចន្លោះធ្លា និងបណ្តោយផ្លូវនៅក្នុងសាកលវិទ្យាល័យកសិកម្ម
260 ## - PUBLICATION, DISTRIBUTION, ETC. (IMPRINT)
Place of publication, distribution, etc. Phnom Penh
Name of publisher, distributor, etc. RUA
Date of publication, distribution, etc. 2005
300 ## - PHYSICAL DESCRIPTION
Extent x; 50p.
Other physical details ill.
Dimensions 29cm.
942 ## - ADDED ENTRY ELEMENTS (KOHA)
Source of classification or shelving scheme
Koha item type FOR
Holdings
Price effective from Date last seen Permanent Location Not for loan Date acquired Source of classification or shelving scheme Koha item type Barcode Lost status Damaged status Shelving location Withdrawn status Current Location Full call number
2015-11-122015-11-12Library Block B 2015-11-12 FORRUA028179  B132 Library Block BFOR SOU 2005 B132 Or.1
2015-11-122015-11-12Library Block B 2015-11-12 FORRUA010605  B132 Library Block BFOR SOU 2005 B132 Or.2
2015-11-122015-11-12Library Block B 2015-11-12 FORRUA010188  B132 Library Block BFOR SOU 2005 B132 Or.3
2015-11-122015-11-12Library Block B 2015-11-12 FORRUA028799  B132 Library Block BFOR SOU 2005 B132 Or.4
2015-11-122015-11-12Library Block B 2015-11-12 FORRUA028704  B132 Library Block BFOR SOU 2005 B132 Or.5
មជ្ឈមណ្ឌលឯការនៃសាកលវិទ្យាល័យភូមិន្ទកសិកម្មចំការដូង

Powered by Koha